Oriente-Linda Louca e Mimada - Statistics

Estatísticas Gerais
  • Esse quiz foi jogado 7 vezes
  • A pontuação média é 278 de 430
Estatísticas das Respostas
Resposta % Correto
1 conquista-la
100%
1 do
100%
1
100%
1 e
100%
1 é
100%
1 homem
100%
1 louca
100%
1 na
100%
1 possa
100%
1 que
100%
1 a
83%
1 arrisca
83%
1 bendito
83%
1 casa
83%
1 da
83%
1 daqui
83%
1 de
83%
1 doce
83%
1 drop
83%
1 ela
83%
1 gata
83%
1
83%
1 lar
83%
1 linda
83%
1 lugar
83%
1 medo
83%
1 mimada
83%
1 não
83%
1 no
83%
1 o
83%
1 pode
83%
1 pra
83%
1 pro
83%
1 qualquer
83%
1 quem
83%
1 quer
83%
1 sabe
83%
1 sal
83%
1 se
83%
1 seja
83%
1
83%
1 tatuagens
83%
1 tem
83%
1 usa-lo
83%
1 viajar
83%
1 alucinante
67%
1 com
67%
1 como
67%
1 criança
67%
1 dança
67%
1 dropa
67%
1 em
67%
1 madrugada
67%
1 maquiagem
67%
1 mar
67%
1 nine
67%
1 pai
67%
1 poder
67%
1 por
67%
1 praia
67%
1 reina
67%
1 reino
67%
1 ser
67%
1 seu
67%
1 sua
67%
1 suas
67%
1 tão
67%
1 um
67%
1 uma
67%
1 ao
50%
1 até
50%
1 atenção
50%
1 bala
50%
1 cabelo
50%
1 cada
50%
1 Capital
50%
1 carro
50%
1 companhia
50%
1 constante
50%
1 da-la
50%
1 decidir
50%
1 dinheiro
50%
1 estamos
50%
1 eterna
50%
1 foi
50%
1 importa
50%
1 isso
50%
1 jamais
50%
1 magoa
50%
1 magoada
50%
1 melhor
50%
1 mente
50%
1 mesmo
50%
1 mil
50%
1 muito
50%
1 Natasha
50%
1 night
50%
1 nossa
50%
1 nosso
50%
1 onda
50%
1 onde
50%
1 outra
50%
1 proteção
50%
1 roupa
50%
1 são
50%
1 satisfaz
50%
1 sem
50%
1 tempo
50%
1 ter
50%
1 teve
50%
1 troca
50%
1 ve
50%
1 vezes
50%
1 agitada
33%
1 água
33%
1 ainda
33%
1 altinha
33%
1 balada
33%
1 bebe
33%
1 bem
33%
1 bota
33%
1 caminho
33%
1 chamam
33%
1 charmosa
33%
1 dentro
33%
1 dos
33%
1 faz
33%
1 fica
33%
1 flutuar
33%
1 frase
33%
1 furada
33%
1 hora
33%
1 inspirada
33%
1 joga
33%
1 mais
33%
1 meus
33%
1 óculos
33%
1 olha
33%
1 olhos
33%
1 pagar
33%
1 pele
33%
1 perto
33%
1 quente
33%
1 repete
33%
1 sai
33%
1 segue
33%
1 simpatizar
33%
1 tratada
33%
1 vai
33%
1 ver
33%
1 vida
33%
1 volta
33%
1 17
17%
1 abre
17%
1 ahh
17%
1 batom
17%
1 boate
17%
1 brilha
17%
1 cent
17%
1 chega
17%
1 corações
17%
1 cristal
17%
1 drink
17%
1 escapa
17%
1 fecha
17%
1 flores
17%
1 forte
17%
1 han
17%
1 incontrolável
17%
1 lhe
17%
1 mas
17%
1 mata
17%
1 mortas
17%
1 numa
17%
1 oh
17%
1 passa
17%
1 pistola
17%
1 pistoleira
17%
1 portas
17%
1 tudo
17%
1 vaso
17%
1 vontade
17%
1 algo
0%
1 alma
0%
1 anos
0%
1 antiga
0%
1 avoada
0%
1 canções
0%
1 carnavais
0%
1 coisa
0%
1 coleciona
0%
1 conhece
0%
1 estande
0%
1 fim
0%
1 final
0%
1 fugiu
0%
1 homens
0%
1 imaginária
0%
1 incontáveis
0%
1 os
0%
1 pipa
0%
1 tal
0%
1 todos
0%
Nenhum quiz correspondente encontrado
Distribuição das Pontuações
Porcentagem de Pessoas com Cada Pontuação
Percentil de Números Respondidos
Sua Pontuação Histórica
Você não jogou esse quiz